Dare to Dream A life of M.S. Oberoi. (Record no. 2436)

MARC details
000 -LEADER
fixed length control field 00440nam a22001697a 4500
005 - DATE AND TIME OF LATEST TRANSACTION
control field 20260408124822.0
008 - FIXED-LENGTH DATA ELEMENTS--GENERAL INFORMATION
fixed length control field 160611b xxu||||| |||| 00| 0 eng d
020 ## - INTERNATIONAL STANDARD BOOK NUMBER
ISBN 9780140170542
041 ## - LANGUAGE CODE
Language code of text/sound track or separate title eng
082 ## - DEWEY DECIMAL CLASSIFICATION NUMBER
Classification number 920
100 ## - MAIN ENTRY--AUTHOR NAME
Personal name Karkaria, Bachij.
245 ## - TITLE STATEMENT
Title Dare to Dream A life of M.S. Oberoi.
260 ## - PUBLICATION, DISTRIBUTION, ETC. (IMPRINT)
Place of publication New Delhi
Name of publisher Penguin Books India (p) Ltd.
Year of publication 1992
300 ## - PHYSICAL DESCRIPTION
Number of Pages 249
650 ## - SUBJECT ADDED ENTRY--TOPICAL TERM
Topical Term General biography
942 ## - ADDED ENTRY ELEMENTS (KOHA)
Koha item type Books
Holdings
Lost status Damaged status Collection code Home library Current library Shelving location Date acquired Cost, normal purchase price Full call number Accession Number Koha item type
    LIFE SKILL JRU Library JRU Library SHELF-101-E 11/06/2016 250.00 920 7001 Books